| 000 | 00000nam##2200000za#4500 |
| 001 | 9.605232 |
| 003 | CaOODSP |
| 005 | 20240206145613 |
| 007 | cr ||||||||||| |
| 008 | 150406|2007||||xxc|||||o f|0| 0 fre|d |
| 040 | |aCaOODSP|bfre |
| 043 | |an-cn--- |
| 086 | 1 |aTU3-6/07-240F-PDF |
| 110 | 2 |aBureau de la sécurité des transports du Canada. |
| 245 | 10|aDéraillement en voie principale - Chemin de fer Canadien Pacifique Train de marchandises no 230-25 Point milliaire 42,80 de la subdivision Belleville Tichborne (Ontario), le 25 août 2007 |h[ressource électronique] |
| 260 | |aOttawa - Ontario : |bBureau de la sécurité des transports du Canada |c[2007]. |
| 300 | |a14p.|bfigures |
| 490 | 1 |aRapport d'enquête sur un accident ferroviaire |vR07T0240 |
| 590 | |a13-08-Supp|b2013-04-02 |
| 775 | 08|tMain track train derailment – Canadian Pacific Railway Freight Train No. 230-25 Mile 42.80, Belleville Subdivision Tichborne, Ontario, 25 August 2007 |w(CaOODSP)9.575818 |
| 830 | #0|aRapport d'enquête sur un accident ferroviaire ;|vR07T0240|w(CaOODSP)9.501252 |
| 856 | 40|ahttp://publications.gc.ca|qPDF|s963 Ko|uhttps://publications.gc.ca/collections/collection_2013/bst-tsb/TU3-6-07-240-fra.pdf|yR07T0240 |